[Event "Muensterland Regionalliga 1920"]
[Site "Germany"]
[Date "2020.02.01"]
[Round "6.7"]
[White "Sokolowski, Cyril"]
[Black "Hoge, Torsten"]
[Result "0-1"]
[WhiteElo "1744"]
[BlackElo "1900"]
[PlyCount "66"]
[EventDate "2019.09.07"]
[EventType "team-tourn"]
[EventRounds "7"]
[EventCountry "GER"]
[SourceTitle "EXT 2023"]
[Source "ChessBase"]
[SourceDate "2022.10.05"]
[SourceVersion "1"]
[SourceVersionDate "2022.10.05"]
[SourceQuality "1"]
[WhiteTeam "Muenster SK IV"]
[BlackTeam "Gronau"]
[WhiteTeamCountry "GER"]
[BlackTeamCountry "GER"]

1. e4 e6 2. d4 d5 3. exd5 exd5 4. Bd3 Nc6 5. c3 Bd6 6. Nf3 Bg4 7. 0-0 Nge7 8. Re1 Qd7 9. Nbd2 0-0 10. Qc2 Bf5 11. Nf1 Bxd3 12. Qxd3 Ng6 13. Be3 Nce7 14. Ng3 Rae8 15. b3 f5 16. Bd2 f4 17. Ne2 Nf5 18. c4 Nfh4 19. h3 c6 20. Nc3 Nxf3+ 21. Qxf3 dxc4 22. bxc4 Bb8 23. Ne2 Nh4 24. Qg4 Qxg4 25. hxg4 f3 26. Bb4 Nxg2 27. Rec1 Rf6 28. Nc3 Rg6 29. d5 Rxg4 30. Kf1 Rxc4 31. Rab1 Rh4 32. Kg1 Bh2+ 33. Kf1 Bd6 0-1

[Event "Muensterland Regionalliga 1920"]
[Site "Germany"]
[Date "2019.11.30"]
[Round "4.8"]
[White "Haselhorst, Helmut"]
[Black "Sokolowski, Cyril"]
[Result "0-1"]
[WhiteElo "2025"]
[BlackElo "1744"]
[PlyCount "68"]
[EventDate "2019.09.07"]
[EventType "team-tourn"]
[EventRounds "7"]
[EventCountry "GER"]
[SourceTitle "EXT 2023"]
[Source "ChessBase"]
[SourceDate "2022.10.05"]
[SourceVersion "1"]
[SourceVersionDate "2022.10.05"]
[SourceQuality "1"]
[WhiteTeam "Steinfurt"]
[BlackTeam "Muenster SK IV"]
[WhiteTeamCountry "GER"]
[BlackTeamCountry "GER"]

1. Nf3 Nf6 2. c4 d6 3. g3 g6 4. Bg2 Bg7 5. d4 0-0 6. Nc3 a6 7. 0-0 Qe8 8. h3 Nc6 9. Be3 e5 10. dxe5 Nxe5 11. Nxe5 Qxe5 12. Bd4 Qa5 13. Qd2 Qh5 14. g4 Qh4 15. Qf4 Nh5 16. Qe3 Be6 17. Bxg7 Nxg7 18. b3 Rae8 19. Qd2 h5 20. f3 Kh7 21. Ne4 f5 22. Nf2 hxg4 23. fxg4 fxg4 24. hxg4 Bxg4 25. Ne4 Nh5 26. Rae1 Bf5 27. Ng5+ Kg7 28. e4 Bd7 29. e5 Nf4 30. Nf3 Qg3 31. exd6 Rh8 32. Rxe8 Nh3+ 33. Kh1 Nf2+ 34. Kg1 Rh1# 0-1

[Event "Muensterland Verbandsliga 1718"]
[Site "Germany"]
[Date "2018.04.14"]
[Round "8.7"]
[White "Sokolowski, Cyril"]
[Black "Dieckmann, Werner"]
[Result "1-0"]
[WhiteElo "1725"]
[BlackElo "1807"]
[PlyCount "93"]
[EventDate "2017.09.09"]
[EventType "team-tourn"]
[EventRounds "9"]
[EventCountry "GER"]
[SourceTitle "EXT 2019"]
[Source "ChessBase"]
[SourceDate "2018.10.10"]
[SourceVersion "1"]
[SourceVersionDate "2018.10.10"]
[SourceQuality "1"]
[WhiteTeam "Muenster SK IV"]
[BlackTeam "Telgte"]
[WhiteTeamCountry "GER"]
[BlackTeamCountry "GER"]

1. e4 e5 2. Nf3 Nc6 3. Bc4 d6 4. c3 Be7 5. 0-0 Nf6 6. d3 0-0 7. Nbd2 Na5 8. Bb5 c6 9. Ba4 b5 10. Bc2 c5 11. Qe2 Nc6 12. Rd1 Bg4 13. h3 Bh5 14. Nf1 h6 15. Ng3 Bxf3 16. Qxf3 Nh7 17. Nf5 Bg5 18. Qg3 Qf6 19. Bxg5 hxg5 20. Bb3 Ne7 21. Ne3 a5 22. f3 a4 23. Bc2 Rfc8 24. Rac1 Nf8 25. b3 a3 26. d4 cxd4 27. cxd4 Nfg6 28. dxe5 Qxe5 29. Qxe5 dxe5 30. Bd3 b4 31. Rxc8+ Rxc8 32. Bc4 Nc6 33. Rd7 Nge7 34. Nc2 Kf8 35. Kf1 Ke8 36. Rb7 Na5 37. Rxb4 Nxc4 38. Rxc4 Ra8 39. Ke2 Kd7 40. Kd3 Nc6 41. b4 g6 42. Kc3 Rb8 43. Nxa3 Nd4 44. Nc2 Ne2+ 45. Kb2 Nf4 46. Ne3 Nd3+ 47. Kb3 1-0

[Event "Muensterland Verbandsliga 1718"]
[Site "Germany"]
[Date "2017.10.07"]
[Round "2.7"]
[White "Blanke, Martin"]
[Black "Sokolowski, Cyril"]
[Result "1/2-1/2"]
[WhiteElo "1651"]
[BlackElo "1725"]
[PlyCount "54"]
[EventDate "2017.09.09"]
[EventType "team-tourn"]
[EventRounds "9"]
[EventCountry "GER"]
[SourceTitle "EXT 2019"]
[Source "ChessBase"]
[SourceDate "2018.10.10"]
[SourceVersion "1"]
[SourceVersionDate "2018.10.10"]
[SourceQuality "1"]
[WhiteTeam "Metelen"]
[BlackTeam "Muenster SK IV"]
[WhiteTeamCountry "GER"]
[BlackTeamCountry "GER"]

1. Nf3 Nf6 2. Nc3 d5 3. e3 Bg4 4. Be2 e6 5. a3 Be7 6. h3 Bh5 7. 0-0 0-0 8. b4 Nbd7 9. d4 a5 10. b5 a4 11. Bb2 Nb6 12. Ne5 Bxe2 13. Qxe2 Nfd7 14. Nf3 Nc4 15. Bc1 c6 16. bxc6 bxc6 17. Nb1 Qa5 18. Nbd2 Ndb6 19. Nxc4 Nxc4 20. Nd2 Qc3 21. Ra2 Nb6 22. Bb2 Qa5 23. c4 c5 24. cxd5 Nxd5 25. dxc5 Qxc5 26. Ne4 Qc6 27. Raa1 Rfb8 1/2-1/2

[Event "Muensterland Verbandsliga 1718"]
[Site "Germany"]
[Date "2017.09.09"]
[Round "1.4"]
[White "Pinno, Gregor"]
[Black "Sokolowski, Cyril"]
[Result "1-0"]
[WhiteElo "1776"]
[BlackElo "1725"]
[PlyCount "85"]
[EventDate "2017.09.09"]
[EventType "team-tourn"]
[EventRounds "9"]
[EventCountry "GER"]
[SourceTitle "EXT 2019"]
[Source "ChessBase"]
[SourceDate "2018.10.10"]
[SourceVersion "1"]
[SourceVersionDate "2018.10.10"]
[SourceQuality "1"]
[WhiteTeam "Olfen"]
[BlackTeam "Muenster SK IV"]
[WhiteTeamCountry "GER"]
[BlackTeamCountry "GER"]

1. Nf3 Nf6 2. g3 d5 3. Bg2 Bf5 4. 0-0 Nbd7 5. d3 e6 6. Nbd2 Be7 7. Re1 0-0 8. e4 dxe4 9. dxe4 Bg6 10. a3 Nb6 11. Qe2 c6 12. e5 Nfd5 13. c4 Nc7 14. Ne4 Na6 15. b4 c5 16. b5 Nb8 17. a4 Qc7 18. Bf4 N8d7 19. Red1 Rfd8 20. a5 Nc8 21. h4 Nf8 22. Rxd8 Qxd8 23. a6 Rb8 24. Rd1 Qa5 25. axb7 Rxb7 26. Nd6 Rb8 27. Ng5 h6 28. Nge4 Qc7 29. h5 Bh7 30. Qf3 Nd7 31. Ne8 Qd8 32. N8f6+ gxf6 33. Nxf6+ Bxf6 34. exf6 Qf8 35. Rxd7 Nb6 36. Bxb8 Nxd7 37. Bxa7 Bf5 38. g4 Bc2 39. b6 Qd6 40. b7 Kh7 41. Qg3 e5 42. Bd5 Bd1 43. Qd3+ 1-0

[Event "Muensterland Verbandsliga 1617"]
[Site "Germany"]
[Date "2017.01.28"]
[Round "6.7"]
[White "Sokolowski, Cyril"]
[Black "Dieckmann, Werner"]
[Result "1/2-1/2"]
[WhiteElo "1760"]
[BlackElo "1811"]
[PlyCount "81"]
[EventDate "2016.09.10"]
[EventType "team"]
[EventRounds "9"]
[EventCountry "GER"]
[SourceTitle "EXT 2018"]
[Source "ChessBase"]
[SourceDate "2017.10.13"]
[SourceVersion "1"]
[SourceVersionDate "2017.10.13"]
[SourceQuality "1"]
[WhiteTeam "Muenster SK IV"]
[BlackTeam "Telgte"]
[WhiteTeamCountry "GER"]
[BlackTeamCountry "GER"]

1. e4 e5 2. Nf3 Nc6 3. Bc4 Be7 4. c3 Nf6 5. d3 d6 6. Nbd2 Na5 7. Bb5+ c6 8. Ba4 b5 9. Bc2 0-0 10. 0-0 Bg4 11. h3 Bh5 12. Re1 Nb7 13. Nf1 Nc5 14. Ng3 Bg6 15. Bg5 Nh5 16. Be3 Nxg3 17. fxg3 Ne6 18. Bb3 Qd7 19. Qd2 Bd8 20. a4 bxa4 21. Rxa4 Bb6 22. Bxe6 fxe6 23. Rea1 Bxe3+ 24. Qxe3 c5 25. Qe2 Rfb8 26. Qc2 h6 27. Ra6 Be8 28. Nd2 Qc7 29. b3 Rb7 30. c4 Bc6 31. Qd1 Rb6 32. Qg4 Bd7 33. R6a3 Rb7 34. Qh4 Rf8 35. Ra6 Rf6 36. g4 Be8 37. Qe1 Bc6 38. Qe3 Be8 39. Qe1 Bc6 40. Qe3 Be8 41. Qe1 1/2-1/2

[Event "Muensterland Verbandsliga 1617"]
[Site "Germany"]
[Date "2016.10.01"]
[Round "2.8"]
[White "Schley, Robert"]
[Black "Sokolowski, Cyril"]
[Result "1/2-1/2"]
[WhiteElo "1524"]
[BlackElo "1760"]
[PlyCount "141"]
[EventDate "2016.09.10"]
[EventType "team"]
[EventRounds "9"]
[EventCountry "GER"]
[SourceTitle "EXT 2018"]
[Source "ChessBase"]
[SourceDate "2017.10.13"]
[SourceVersion "1"]
[SourceVersionDate "2017.10.13"]
[SourceQuality "1"]
[WhiteTeam "Stadtlohn"]
[BlackTeam "Muenster SK IV"]
[WhiteTeamCountry "GER"]
[BlackTeamCountry "GER"]

1. e4 d5 2. exd5 Qxd5 3. Nf3 Bf5 4. Be2 e6 5. d3 Nf6 6. 0-0 c6 7. b3 Be7 8. Bb2 0-0 9. Nc3 Qa5 10. a3 h6 11. Re1 Nbd7 12. h3 Rfd8 13. Bf1 Rac8 14. Qe2 Qc7 15. Ne4 Nd5 16. Ng3 Bh7 17. b4 c5 18. b5 Bf6 19. Ne5 Nxe5 20. Bxe5 Bxe5 21. Qxe5 Qxe5 22. Rxe5 Nc3 23. a4 Rd4 24. Ra3 Nb1 25. Rb3 Nd2 26. Ra3 c4 27. dxc4 Nxf1 28. Kxf1 Rdxc4 29. c3 Rxc3 30. Re3 Rxe3 31. fxe3 Rc4 32. Ne2 Bc2 33. Nc3 Kf8 34. Ke2 Ke7 35. Kd2 Bg6 36. Rb3 f6 37. a5 Rc5 38. Rb4 Rg5 39. g4 h5 40. Rc4 Kd7 41. b6 Rxa5 42. Rc7+ Kd8 43. Rxb7 axb6 44. Rxb6 hxg4 45. hxg4 Rg5 46. Rxe6 Rxg4 47. Rb6 Rg2+ 48. Ke1 Bh5 49. Rd6+ Ke7 50. Rd2 Rxd2 51. Kxd2 Kd6 52. e4 Ke5 53. Ke3 Be8 54. Ne2 Bc6 55. Ng3 g6 56. Kd3 Kf4 57. Ne2+ Kg4 58. Ke3 g5 59. Nd4 Bb7 60. Nf5 Bc8 61. Ne7 Be6 62. Nc6 Kh3 63. Nd4 Bd7 64. Ne2 g4 65. Kf4 Kg2 66. Ng3 Kf2 67. Nh5 Bc8 68. Ng3 Bb7 69. Kxg4 Bxe4 70. Nxe4+ Ke1 71. Nxf6 1/2-1/2

[Event "Muensterland Verbandsliga 1516"]
[Site "Germany"]
[Date "2015.09.12"]
[Round "1.5"]
[White "Sokolowski, Cyril"]
[Black "Voss, Norbert"]
[Result "1-0"]
[WhiteElo "1725"]
[BlackElo "1854"]
[PlyCount "70"]
[EventDate "2015.09.12"]
[EventType "team"]
[EventRounds "9"]
[EventCountry "GER"]
[SourceTitle "EXT 2017"]
[Source "ChessBase"]
[SourceDate "2016.10.25"]
[SourceVersion "1"]
[SourceVersionDate "2016.10.25"]
[SourceQuality "1"]
[WhiteTeam "Muenster SK V"]
[BlackTeam "Muenster SK IV"]
[WhiteTeamCountry "GER"]
[BlackTeamCountry "GER"]

1. e4 d6 2. d4 Nf6 3. Nc3 c6 4. Be2 Qa5 5. f3 e5 6. Be3 Be7 7. Qd2 Be6 8. Rd1 0-0 9. Nh3 h6 10. Nf2 Nbd7 11. g4 d5 12. dxe5 Nxe5 13. Kf1 dxe4 14. Ncxe4 Qc7 15. g5 Nxe4 16. Nxe4 Rad8 17. Qc3 Rxd1+ 18. Bxd1 hxg5 19. Nxg5 Bd5 20. Rg1 g6 21. Be2 c5 22. b3 a6 23. f4 Nd7 24. Qe1 Bxg5 25. Rxg5 Re8 26. Qg3 Qd6 27. Bd3 Kf8 28. Qh3 Ke7 29. Qh4 Nf6 30. c4 Kd7 31. Qf2 Be4 32. Bxe4 Rxe4 33. Qf3 Qd3+ 34. Kf2 Qc2+ 35. Qe2 Qc3 1-0

[Event "Muensterland Verbandsliga 1415"]
[Site "Germany"]
[Date "2015.05.09"]
[Round "9.7"]
[White "Sokolowski, Cyril"]
[Black "Ter Veen, Michael"]
[Result "0-1"]
[WhiteElo "1687"]
[BlackElo "1724"]
[PlyCount "120"]
[EventDate "2014.09.06"]
[EventType "team-tourn"]
[EventRounds "9"]
[EventCountry "GER"]
[SourceTitle "EXT 2016"]
[Source "ChessBase"]
[SourceDate "2015.10.08"]
[SourceVersion "1"]
[SourceVersionDate "2015.10.08"]
[SourceQuality "1"]
[WhiteTeam "Muenster V"]
[BlackTeam "Muenster Indische Dame"]
[WhiteTeamCountry "GER"]
[BlackTeamCountry "GER"]

1. e4 c5 2. Nf3 g6 3. c3 Bg7 4. d4 cxd4 5. cxd4 d6 6. Nc3 Nf6 7. Bc4 0-0 8. h3 a6 9. 0-0 Nc6 10. Re1 e5 11. dxe5 dxe5 12. Qxd8 Rxd8 13. Bg5 Be6 14. Nd5 Bxd5 15. exd5 Na5 16. Nxe5 Rac8 17. Rac1 h6 18. Bd2 Nxc4 19. Rxc4 Rxc4 20. Nxc4 Rxd5 21. Bc3 Rc5 22. Nd6 Rc7 23. Bxf6 Bxf6 24. Ne8 Rc6 25. Nxf6+ Rxf6 26. Re7 b5 27. Ra7 Rc6 28. b3 Kg7 29. g3 Kf6 30. Kg2 Ke6 31. g4 f5 32. Kg3 g5 33. Ra8 f4+ 34. Kg2 Kd5 35. Rd8+ Kc5 36. Rd2 Kb4 37. h4 Ka3 38. hxg5 hxg5 39. Kf3 Re6 40. Rc2 Re5 41. Rd2 a5 42. Rc2 b4 43. Rd2 Re8 44. Rc2 Rd8 45. Ke4 Re8+ 46. Kf5 f3 47. Rd2 Re2 48. Rd3 Rxf2 49. Kxg5 Kxa2 50. Kf4 Rc2 51. Rxf3 Rc3 52. g5 Kxb3 53. g6 Kb2 54. Ke4 Rc8 55. g7 Rg8 56. Rf2+ Kb3 57. Rg2 a4 58. Rg3+ Kc4 59. Ke3 a3 60. Kd2 a2 0-1

[Event "Muensterland Verbandsklasse 1314"]
[Site "Germany"]
[Date "2014.04.12"]
[Round "8.5"]
[White "Sokolowski, Cyril"]
[Black "Kelecic, Dominik"]
[Result "1-0"]
[WhiteElo "1656"]
[BlackElo "1711"]
[PlyCount "145"]
[EventDate "2013.09.21"]
[EventType "team-tourn"]
[EventRounds "9"]
[EventCountry "GER"]
[SourceTitle "EXT 2015"]
[Source "ChessBase"]
[SourceDate "2014.11.20"]
[SourceVersion "1"]
[SourceVersionDate "2014.11.20"]
[SourceQuality "1"]
[WhiteTeam "Muenster SK V"]
[BlackTeam "Suedlohn II"]
[WhiteTeamCountry "GER"]
[BlackTeamCountry "GER"]

1. e4 e5 2. Nf3 Nc6 3. Bc4 Bc5 4. c3 Nf6 5. d3 d6 6. Bg5 0-0 7. Nbd2 h6 8. Bh4 Bg4 9. Bb3 Re8 10. h3 Bh5 11. 0-0 a5 12. a4 Rb8 13. Re1 Bb6 14. Nf1 g5 15. Bg3 Qd7 16. Ne3 Ne7 17. Bc4 c6 18. Qb3 Bc7 19. Nh2 Rf8 20. Qc2 Bg6 21. Nhg4 Nxg4 22. hxg4 Kg7 23. Nf5+ Kh7 24. Qe2 f6 25. Bb3 d5 26. Nxe7 Qxe7 27. exd5 cxd5 28. Bxd5 Qd7 29. Be4 Rfe8 30. f3 b5 31. axb5 Rxb5 32. Bf2 Reb8 33. Reb1 Bd8 34. Bxg6+ Kxg6 35. Qc2 Kg7 36. d4 exd4 37. Bxd4 Qd6 38. Bf2 Bc7 39. g3 Qc6 40. Kg2 Rb3 41. Qe2 Re8 42. Qd3 Reb8 43. Rd1 Rd8 44. Qc2 Rdb8 45. Rab1 a4 46. Qf5 Rd8 47. Rxd8 Bxd8 48. Rd1 Be7 49. Re1 Bd8 50. Rd1 Be7 51. Rd7 Rb7 52. Rxb7 Qxb7 53. Qe4 Qd7 54. Bd4 Bd8 55. c4 Bc7 56. c5 Bb8 57. Bf2 Be5 58. c6 Qc7 59. Qxa4 Bxb2 60. Qb5 Be5 61. Qb7 Kf7 62. Bb6 Qxb7 63. cxb7 Bb8 64. Kf2 Ke6 65. Ke3 f5 66. gxf5+ Kxf5 67. g4+ Ke5 68. Bd4+ Kd5 69. Bg7 Bf4+ 70. Kd3 Kc6 71. Bxh6 Kxb7 72. Ke4 Kc7 73. Kf5 1-0

[Event "Muensterland Verbandsklasse 1314"]
[Site "Germany"]
[Date "2013.10.12"]
[Round "2.6"]
[White "Sokolowski, Cyril"]
[Black "Wehmschulte, Philipp"]
[Result "0-1"]
[WhiteElo "1656"]
[BlackElo "1592"]
[PlyCount "102"]
[EventDate "2013.09.21"]
[EventType "team-tourn"]
[EventRounds "9"]
[EventCountry "GER"]
[SourceTitle "EXT 2015"]
[Source "ChessBase"]
[SourceDate "2014.11.20"]
[SourceVersion "1"]
[SourceVersionDate "2014.11.20"]
[SourceQuality "1"]
[WhiteTeam "Muenster SK V"]
[BlackTeam "Ahaus Wessum II"]
[WhiteTeamCountry "GER"]
[BlackTeamCountry "GER"]

1. e4 e6 2. d4 d5 3. exd5 exd5 4. Bd3 Bd6 5. Ne2 Bg4 6. c3 c6 7. Qc2 Ne7 8. 0-0 Qc7 9. Ng3 Nd7 10. Bg5 f6 11. Be3 0-0-0 12. Re1 Rde8 13. Nf1 g5 14. Nbd2 Bh5 15. b4 Bg6 16. a4 Bxd3 17. Qxd3 h5 18. Nb3 h4 19. b5 h3 20. g3 Rhg8 21. Nc5 Bxc5 22. dxc5 Ne5 23. Qd1 g4 24. Nd2 Nd3 25. Re2 Qd7 26. Nb3 Ne5 27. Qc2 Nf3+ 28. Kh1 Nf5 29. Bd4 Rxe2 30. Qxe2 Re8 31. Qd3 Qe6 32. Rf1 N3xd4 33. Nxd4 Nxd4 34. Qxd4 Qe4+ 35. Qxe4 Rxe4 36. Ra1 Rc4 37. b6 Rxc5 38. bxa7 Ra5 39. Kg1 Rxa7 40. Kf1 Ra5 41. Rc1 Rxa4 42. Ke2 Re4+ 43. Kd2 f5 44. Ra1 Kb8 45. Ra2 b5 46. Ra1 Kb7 47. Ra2 Ra4 48. Rb2 Ra1 49. Ke3 Ra4 50. Rb4 Rxb4 51. cxb4 c5 0-1